Đánh giá khả năng ứng dụng ảnh radar trong theo dõi cơ cấu mùa vụ lúa ở tỉnh Sóc Trăng (Luận văn thạc sĩ khoa học nông nghiệp. chuyên ngành Quảnh lý đất đai)

שמור ב:
מידע ביבליוגרפי
מחבר ראשי: Huỳnh, Việt Khoa
פורמט: ספר
שפה:Undetermined
יצא לאור: Cần Thơ Trường Đại học Cần Thơ 2014
נושאים:
תגים: הוספת תג
אין תגיות, היה/י הראשונ/ה לתייג את הרשומה!
Thư viện lưu trữ: Trung tâm Học liệu Trường Đại học Cần Thơ
LEADER 00825nam a2200193Ia 4500
001 CTU_195209
008 210402s9999 xx 000 0 und d
082 |a 631.47 
082 |b Kh401 
088 |a 60850103 
100 |a Huỳnh, Việt Khoa 
245 0 |a Đánh giá khả năng ứng dụng ảnh radar trong theo dõi cơ cấu mùa vụ lúa ở tỉnh Sóc Trăng 
245 0 |b (Luận văn thạc sĩ khoa học nông nghiệp. chuyên ngành Quảnh lý đất đai) 
245 0 |c Huỳnh Việt Khoa; Võ Quốc Tuấn( Hướng dẫn khoa học ) 
260 |a Cần Thơ 
260 |b Trường Đại học Cần Thơ 
260 |c 2014 
650 |a Khoa học đất,Soil science,Soil management 
980 |a Trung tâm Học liệu Trường Đại học Cần Thơ